000 00398nam a2200157Ia 4500
003 OSt
005 20230529143433.0
008 211028s2015 xx 000 0 und d
040 _cAIMIT LIBRARY
041 _aeng
100 _aNayak, L Suraj; Santhosh, B.
_98580
_e131913
110 _aSanthosh B
_98581
245 _aP-Tech governance system 3.
260 _aMangalore
_c2015
942 _2ddc
_cPRO
999 _c219959
_d219959